000 00515nam a22001937a 4500
003 OSt
005 20220107122737.0
008 140419b xxu||||| |||| 00| 0 eng d
020 _a9788120310759
040 _cIIITM-K
082 _a515.624 BAT/F
100 _aBathe, Klaus-Jurgen
_94223
245 _aFinite element procedures
_cby Klaus-Jurgen Bathe
260 _aNew Delhi,
_bPHI Learning,
_c1996.
300 _axiv, 1037p.
650 _aMATHEMATICS
_94224
650 _aFINITE ELEMENTS
_94225
942 _2ddc
_cBK
999 _c3874
_d3874